000 00707nam a2200289Ia 4500
005 20260324141757.0
008 008 260324s9999 xx 000 0 eng d
020 _a9781315046396
037 _aEBOOK
040 _aCRL
040 _beng
040 _cCRL
041 _2eng
041 _aeng
084 _qCRL
100 _aIan M. Harris
_91209469
245 0 _aPeace Education in a Postmodern World
245 2 _bA Special Issue of the Peabody Journal of Education
260 _bTaylor and Francis
260 _c1996
365 _a
365 _b145
856 _uhttp://www.taylorfrancis.com/books/9781315046396
942 _cEBOOK
999 _c1812920
_d1812920